Statistics for 20 nejdelších řek v ČR

Click here to take the quiz!

General Stats

  • This quiz has been taken 1 599 times
  • The average score is 11 of 20

Answer Stats

kmřeka% Correct
376,97Vltava
100%
368,07Labe
99%
269,36Morava
89%
139,45Berounka
78%
134,32Odra
75%
246,55Ohře
75%
225,93Sázava
73%
196,22Dyje
71%
168,49Svratka
64%
102,78Mže
51%
111,70Otava
46%
157,66Lužnice
45%
103,96Úhlava
45%
167,04Jizera
44%
109,66Radbuza
42%
180,80Jihlava
39%
110,66Opava
37%
105,97Chrudimka
21%
101,75Tichá Orlice
18%
103,89Želivka
12%

Score Distribution

Percentile by Number Answered

Percent of People with Each Score

Your Score History

You have not taken this quiz